<Le> Journal des Finances

Na minha lista:
Detalhes bibliográficos
Formato: Periódico
Idioma:francês
Publicado em: Paris Journal des Finances 1986
Tags: Adicionar Tag
Sem tags, seja o primeiro a adicionar uma tag!

MARC

LEADER 00000nas2a2200000 4500
001 s030894
005 20250730114141.2
041 0 |a fre 
044 |a FR 
245 1 0 |a <Le> Journal des Finances 
264 1 |a Paris  |b Journal des Finances  |c 1986 
300 |a 3 zv. 
773 0 |w eu_un_cat*s120450